000 00397nam a2200169Ia 4500
008 210210b1951 xxu||||| |||| 00| 0 eng d
041 _aeng
082 _a010/7
100 _aLEWIS (CLINTON) and CAMPBELL ( J D) Ed
245 _aOxford atlas
260 _aLondon
_bOxford University Press
_c1951
300 _a-
650 _aOxford
650 _aatlas.
690 _aAtlas
906 _a000007
999 _c76543
_d76543